Nhân vật Mark Twain

Trình bày những đặc điểm trong nghệ thuật xây dựng nhân vật của mark Twain, cùng những đóng góp cho việc nghiên cứu nghệ thuật xây dựng nhân vật, qua đó làm rõ bút pháp hiện thực và hài hước của nhà văn, làm rõ vị trí của ông trong lịch...

Täydet tiedot

Tallennettuna:
Bibliografiset tiedot
Päätekijä: Dương, Thị Ánh Tuyết
Aineistotyyppi: Kirja
Kieli:Undetermined
Julkaistu: H. Đại học Quốc gia Hà Nội 2017
Aiheet:
Linkit:http://lrc.tdmu.edu.vn/opac/search/detail.asp?aID=2&ID=29092
Tagit: Lisää tagi
Ei tageja, Lisää ensimmäinen tagi!
Thư viện lưu trữ: Trung tâm Học liệu Trường Đại học Thủ Dầu Một
LEADER 01082nam a2200205Ia 4500
001 TDMU_29092
008 210410s9999 xx 000 0 und d
082 |a 658.8 
090 |b D561 
100 |a Dương, Thị Ánh Tuyết 
245 0 |a Nhân vật Mark Twain 
245 0 |c Dương Thị Ánh Tuyết 
260 |a H. 
260 |b Đại học Quốc gia Hà Nội 
260 |c 2017 
300 |a 243tr. 
520 |a Trình bày những đặc điểm trong nghệ thuật xây dựng nhân vật của mark Twain, cùng những đóng góp cho việc nghiên cứu nghệ thuật xây dựng nhân vật, qua đó làm rõ bút pháp hiện thực và hài hước của nhà văn, làm rõ vị trí của ông trong lịch sử văn học Hoa Kỳ 
650 |a Nghiên cứu văn học  |x Nhân vật  |x Tiểu thuyết  |z Mỹ; Twain, Mark 
856 |u http://lrc.tdmu.edu.vn/opac/search/detail.asp?aID=2&ID=29092 
980 |a Trung tâm Học liệu Trường Đại học Thủ Dầu Một